[Event "Kieler Open 2014-A"]
[Site "Kiel"]
[Date "2014.08.03"]
[Round "4.26"]
[White "Haffner, Alexander"]
[Black "Hartwig, Sebastian"]
[Result "1-0"]
[WhiteElo "2126"]
[BlackElo "1891"]
[PlyCount "137"]
[EventDate "2014.??.??"]
[WhiteTeam "Doppelbauer Kiel"]
[BlackTeam "Neustadt"]

1. d4 d5 2. Nf3 Nf6 3. c4 dxc4 4. e3 e6 5. Bxc4 c5 6. O-O a6 7. a4 Nc6 8. Nc3
Be7 9. dxc5 Qxd1 10. Rxd1 Bxc5 11. Bd2 b6 12. Na2 Bb7 13. b4 Be7 14. b5 axb5
15. Bxb5 O-O 16. Nd4 Nxd4 17. exd4 Nd5 18. Nc3 Bf6 19. Nxd5 Bxd5 20. Be3 Rfc8
21. Rdc1 Kf8 22. f3 Ke7 23. Kf2 Kd8 24. Ke2 h6 25. Kd3 Rxc1 26. Rxc1 Bg5 27. f4
Be7 28. g4 Bb4 29. f5 Bd6 30. fxe6 fxe6 31. h4 Ke7 32. g5 h5 33. g6 Bg3 34. Rf1
e5 35. Bg5+ Ke6 36. dxe5 Bxe5 37. Bf4 Bb3 38. Bxe5 Kxe5 39. Kc3 Bd5 40. Kb4 Be6
41. Be2 Bg4 42. Bc4 Bd7 43. Bb3 Bf5 44. Re1+ Kf6 45. Rd1 Rb8 46. Kb5 Ke7 47.
Bf7 Bd7+ 48. Kb4 Ra8 49. Bb3 Bf5 50. Rc1 Rb8 51. Rc7+ Kf6 52. Rc6+ Ke7 53. Bc2
Bxc2 54. Rxc2 Kf6 55. Rc6+ Kf5 56. Kb5 Kg4 57. Rxb6 Rf8 58. a5 Kxh4 59. a6 Kg3
60. a7 Ra8 61. Ka6 h4 62. Rb7 h3 63. Rxg7 h2 64. Rh7 Rg8 65. g7 Kg2 66. Rh8
Rxg7 $4 (66... h1=Q $3 $11) 67. a8=Q+ Kg1 68. Qe4 Rg2 69. Qe1# 1-0

[Event "Kieler Open 2014-A"]
[Site "Kiel"]
[Date "2014.08.03"]
[Round "4.27"]
[White "Werner, René"]
[Black "Saglam, Bülent"]
[Result "0-1"]
[WhiteElo "1890"]
[BlackElo "2097"]
[PlyCount "50"]
[EventDate "2014.??.??"]
[WhiteTeam "Kieler SG"]
[BlackTeam "Doppelbauer Kiel"]

1. d4 e6 2. c4 Nf6 3. Nc3 Bb4 4. Qc2 c5 5. dxc5 Nc6 6. Bd2 O-O 7. Nf3 a6 8. a3
Bxc5 9. e3 d5 10. cxd5 exd5 11. Rd1 d4 12. Ne2 Qe7 13. Nfxd4 Bxd4 14. exd4 Nxd4
15. Qc4 Nc6 16. Be3 Re8 17. Bc5 Qc7 18. f3 Bf5 19. Kf2 Ne5 20. Qc3 Nd3+ 21.
Rxd3 Bxd3 22. Ng3 Bxf1 23. Rxf1 Nd5 24. Qd4 b6 25. Nf5 Qxc5 $3 0-1

[Event "Kieler Open 2014-A"]
[Site "Kiel"]
[Date "2014.08.03"]
[Round "4.28"]
[White "Quiring, Nikolai"]
[Black "Rohmann, Volker"]
[Result "1-0"]
[WhiteElo "2078"]
[BlackElo "1850"]
[PlyCount "61"]
[EventDate "2014.??.??"]
[WhiteTeam "Rendsburg"]
[BlackTeam "Friedrichsort"]

1. d4 d5 2. c4 c6 3. cxd5 cxd5 4. Nc3 Nf6 5. Bf4 Nc6 6. e3 a6 7. Rc1 Bf5 8. f3
h6 9. g4 Bd7 10. h4 e6 11. Qd2 Rc8 12. Bd3 Na5 13. Nge2 b5 14. Ng3 Qb6 15. Kf2
Bb4 16. g5 Ng8 17. Be5 f6 18. gxf6 Nxf6 19. Bg6+ Kf8 20. Qe2 Nc6 21. f4 Ne7 22.
Bb1 Bxc3 23. bxc3 Be8 24. Rhg1 Rg8 25. Bxf6 gxf6 26. Nh5 e5 27. Rxg8+ Nxg8 28.
Qg4 Rc7 29. Rg1 Bf7 30. Qg7+ Ke8 31. Bg6 1-0

[Event "Kieler Open 2014-A"]
[Site "Kiel"]
[Date "2014.08.03"]
[Round "4.30"]
[White "Rosmait, Emily"]
[Black "Meyer, Jürgen"]
[Result "1/2-1/2"]
[WhiteElo "1824"]
[BlackElo "1955"]
[PlyCount "35"]
[EventDate "2014.??.??"]
[WhiteTeam "Harksheide"]
[BlackTeam "Heide"]

1. e4 e6 2. d3 d5 3. Nd2 Nf6 4. Ngf3 c5 5. g3 Nc6 6. Bg2 dxe4 7. dxe4 e5 8. O-O
Be7 9. Nc4 Qc7 10. Re1 O-O 11. c3 Rd8 12. Qc2 Be6 13. Ne3 h6 14. Nd2 Rd7 15. a4
Rad8 16. Ndc4 b6 17. b3 a6 18. Na3 1/2-1/2

[Event "Kieler Open 2014-A"]
[Site "Kiel"]
[Date "2014.08.03"]
[Round "4.31"]
[White "Andersen, Niels Erik"]
[Black "Martinez-Corrales, Vladimir"]
[Result "1-0"]
[WhiteElo "1947"]
[BlackElo "1708"]
[PlyCount "56"]
[EventDate "2014.??.??"]
[BlackTeam "Holsatia Kiel"]

1. d4 c6 2. c4 Nf6 3. Nc3 d5 4. Nf3 g6 5. g3 Bg7 6. Bg2 dxc4 7. O-O O-O 8. e4
Na6 9. Qe2 e6 10. Qxc4 Qa5 11. a3 Nd7 12. e5 c5 13. Re1 cxd4 14. Qxd4 Qc5 15.
Qe4 Rb8 16. Be3 Qe7 17. Rad1 Nac5 18. Qc2 b6 19. b4 Na6 20. Bg5 Qe8 21. Qd3 h6
22. Bc1 Nc7 23. Qd6 a6 24. Qxc7 b5 25. Ne4 Rb7 26. Qc3 Qd8 27. Be3 Rc7 28. Bc5
Nxc5 1-0

[Event "Kieler Open 2014-A"]
[Site "Kiel"]
[Date "2014.08.03"]
[Round "4.32"]
[White "Garcia Ruiz, Adrian"]
[Black "Van Diermen, Arie"]
[Result "1/2-1/2"]
[WhiteElo "1794"]
[BlackElo "1923"]
[PlyCount "96"]
[EventDate "2014.??.??"]

1. e4 g6 2. d4 Bg7 3. Nc3 d6 4. Nf3 Nf6 5. Be2 O-O 6. O-O Nbd7 7. h3 e5 8. dxe5
dxe5 9. Be3 Qe7 10. Qc1 Nc5 11. Nd2 c6 12. a4 Rd8 13. Rd1 Ne6 14. Nf3 Rxd1+ 15.
Qxd1 Nh5 16. Qd2 Nef4 17. Bf1 f5 18. Rd1 Be6 19. Qd6 Qxd6 20. Rxd6 Bf8 21. Rd1
fxe4 22. Ng5 Bd5 23. Ngxe4 Bb4 24. g4 Bxc3 25. Nxc3 Nf6 26. Bxf4 exf4 27. g5
Ne4 28. Nxd5 cxd5 29. Rxd5 Rc8 30. c3 Rc5 31. Rxc5 Nxc5 32. a5 h6 33. Bc4+ Kg7
34. h4 b6 35. axb6 axb6 36. Bb5 hxg5 37. hxg5 Ne4 38. Kg2 Nxg5 39. c4 Kf6 40.
b4 Ne6 41. Bd7 Nd4 42. c5 bxc5 43. bxc5 Ke5 44. c6 Kd6 45. Be8 Nxc6 46. Bxc6
Kxc6 47. Kf3 Kd6 48. Kxf4 Ke6 1/2-1/2

[Event "Kieler Open 2014-A"]
[Site "Kiel"]
[Date "2014.08.03"]
[Round "4.33"]
[White "Jacobsen, Trond"]
[Black "Millgramm, Stephan"]
[Result "0-1"]
[WhiteElo "1678"]
[BlackElo "1865"]
[PlyCount "120"]
[EventDate "2014.??.??"]
[WhiteTeam "Oslo"]
[BlackTeam "Flensburg"]

1. d4 Nf6 2. c4 e6 3. Nc3 Bb4 4. Qc2 c5 5. dxc5 Bxc5 6. Nf3 O-O 7. Bg5 Be7 8.
e3 h6 9. Bh4 Nc6 10. a3 b6 11. Be2 Bb7 12. O-O Rc8 13. b4 d6 14. Rfd1 Rc7 15.
Nb5 Rd7 16. Rac1 a5 17. Nbd4 Qa8 18. Nxc6 Bxc6 19. Qb2 Rfd8 20. Ne1 g5 21. Bg3
Ne4 22. f3 Bf6 23. Qb3 Nxg3 24. hxg3 axb4 25. Qxb4 Qa4 26. Nd3 Qxb4 27. axb4
Kf8 28. b5 Bb7 29. Rd2 Rc7 30. Ra2 Rdc8 31. Ra7 Ra8 32. Rxa8+ Bxa8 33. Rc2 Ra7
34. Nb4 Ra3 35. Ra2 Rxa2 36. Nxa2 Ke7 37. Nb4 Bc3 38. Nc2 d5 39. Kf2 Kd6 40.
Bd3 dxc4 41. Bxc4 Kc5 42. Be2 Bd5 43. f4 Bc4 44. Bxc4 Kxc4 45. fxg5 hxg5 46.
Kf3 Kb3 47. Nd4+ Bxd4 48. exd4 Kc4 49. Ke4 Kxb5 50. Kd3 Kb4 51. g4 Kb3 52. d5
exd5 53. Kd4 b5 54. Kxd5 Kc3 55. Ke5 b4 56. Kf5 b3 57. Kxg5 b2 58. Kf6 b1=Q 59.
Kxf7 Qe4 60. g5 Qf5+ 0-1

[Event "Kieler Open 2014-A"]
[Site "Kiel"]
[Date "2014.08.03"]
[Round "4.34"]
[White "Müller, Winus"]
[Black "Kowalski, Ben Wito"]
[Result "1/2-1/2"]
[WhiteElo "2049"]
[BlackElo "1706"]
[PlyCount "50"]
[EventDate "2014.??.??"]
[BlackTeam "Stade"]

1. e4 e6 2. Nf3 d5 3. exd5 exd5 4. Be2 Nf6 5. O-O Bd6 6. b3 O-O 7. Bb2 Nc6 8.
c4 dxc4 9. Bxc4 Bg4 10. h3 Bh5 11. d4 Re8 12. g4 Bg6 13. Nbd2 Qd7 14. Nh4 Bf4
15. Nxg6 hxg6 16. Re1 Nxd4 17. Rxe8+ Rxe8 18. Nf3 Nxf3+ 19. Qxf3 g5 20. Rd1 Qc6
21. Qd3 Qe4 22. Bxf6 Qxd3 23. Rxd3 gxf6 24. Rd7 Rf8 25. Kg2 Bd6 1/2-1/2

[Event "Kieler Open 2014-A"]
[Site "Kiel"]
[Date "2014.08.03"]
[Round "4.35"]
[White "Gwiazda, Slawomir"]
[Black "Henschen, Patrick"]
[Result "1/2-1/2"]
[WhiteElo "1969"]
[BlackElo "1667"]
[PlyCount "70"]
[EventDate "2014.??.??"]
[BlackTeam "Segeberg"]

1. d4 g6 2. c4 Bg7 3. Nc3 Nf6 4. e4 d6 5. Nf3 O-O 6. Be2 e5 7. O-O Nc6 8. d5
Ne7 9. Nd2 Nd7 10. b4 a5 11. bxa5 Rxa5 12. Nb3 Ra8 13. Be3 f5 14. f3 f4 15. Bf2
b6 16. a4 Nc5 17. Nxc5 bxc5 18. Qb3 g5 19. Rfb1 h5 20. Qd1 Ba6 21. Rb2 Rf7 22.
Qb1 c6 23. Qd1 Bf8 24. Rab1 Qc7 25. Rb6 Kg7 26. dxc6 Nxc6 27. Qd5 Nb4 28. R6xb4
cxb4 29. Qxa8 Bb7 30. Nd5 Bxa8 31. Nxc7 Rxc7 32. Rxb4 d5 33. Rb8 dxc4 34. Bd1
c3 35. Bc2 Bc6 1/2-1/2

[Event "Kieler Open 2014-A"]
[Site "Kiel"]
[Date "2014.08.03"]
[Round "4.36"]
[White "Gutschenreiter, Dorian"]
[Black "Rosenkranz, Bernd-Christian"]
[Result "1-0"]
[WhiteElo "1874"]
[BlackElo "1656"]
[PlyCount "93"]
[EventDate "2014.??.??"]
[WhiteTeam "Flensburg"]
[BlackTeam "Rendsburg"]

1. e4 c6 2. d4 d5 3. Nc3 dxe4 4. Nxe4 Bf5 5. Ng3 Bg6 6. h4 h6 7. Nf3 Nd7 8. h5
Bh7 9. Bd3 Bxd3 10. Qxd3 e6 11. Bd2 Ngf6 12. O-O-O Qc7 13. Qe2 O-O-O 14. Ne5
Nxe5 15. dxe5 Nd5 16. f4 Be7 17. Rhf1 Rhf8 18. Ne4 f5 19. exf6 Nxf6 20. Nxf6
Rxf6 21. g3 Rd5 22. Bc3 Qd7 23. Bxf6 Bxf6 24. Rfe1 Kc7 25. Rxd5 exd5 26. Qe6
Qd8 27. Qf7+ Kb6 28. Re3 Qc8 29. Qe6 Qd8 30. Rb3+ Kc7 31. Qf7+ Qe7 32. Qxe7+
Bxe7 33. Re3 Kd6 34. g4 b6 35. Rg3 Ke6 36. g5 Bd6 37. Rg4 Kf5 38. gxh6 gxh6 39.
Rg6 Bxf4+ 40. Kd1 c5 41. Rg7 c4 42. Rxa7 Be3 43. Ke2 Bc5 44. Rd7 d4 45. Rg7 b5
46. Rb7 b4 47. Rb5 1-0

[Event "Kieler Open 2014-A"]
[Site "Kiel"]
[Date "2014.08.03"]
[Round "4.37"]
[White "Oltzen, Samuel"]
[Black "Karlisch, Moritz"]
[Result "1-0"]
[WhiteElo "1847"]
[BlackElo "1602"]
[PlyCount "41"]
[EventDate "2014.??.??"]
[WhiteTeam "Lübeck"]
[BlackTeam "Doppelbauer Kiel"]

1. e4 e6 2. c4 d5 3. cxd5 exd5 4. exd5 Qxd5 5. Nc3 Qd8 6. d4 Nf6 7. Nf3 Bg4 8.
Bc4 Be7 9. Bxf7+ Kxf7 10. Ne5+ Ke8 11. Nxg4 Nxg4 12. Qxg4 Bf6 13. O-O Nc6 14.
Re1+ Ne7 15. Bg5 Qd7 16. Qh4 Kf7 17. Bxf6 gxf6 18. Ne4 Nd5 19. Qh5+ Kg7 20. Nc5
Qd6 21. Ne6+ 1-0

[Event "Kieler Open 2014-A"]
[Site "Kiel"]
[Date "2014.08.03"]
[Round "4.38"]
[White "Kiep, Fabian"]
[Black "Nahnsen, Kenneth"]
[Result "0-1"]
[WhiteElo "1708"]
[BlackElo "1794"]
[PlyCount "72"]
[EventDate "2014.??.??"]
[WhiteTeam "Agon Neumünster"]
[BlackTeam "Doppelbauer Kiel"]

1. e4 c5 2. c3 Nf6 3. e5 Nd5 4. d4 cxd4 5. Qxd4 e6 6. Nf3 Nc6 7. Qe4 d6 8. Nbd2
dxe5 9. Nxe5 Nxe5 10. Qxe5 Qd6 11. Bb5+ Bd7 12. Bxd7+ Kxd7 13. Qxd6+ Bxd6 14.
Ne4 Be7 15. Ke2 f5 16. Ng5 Bf6 17. Rd1 Ke7 18. Rb1 h6 19. Nf3 Rac8 20. Bd2 e5
21. Bxh6 e4 22. Ne1 Ke6 23. Bd2 Rxh2 24. g3 g5 25. Nc2 f4 26. Rg1 e3 27. Be1
Kf5 28. Kf1 Ke5 29. Rg2 Rxg2 30. Kxg2 f3+ 31. Kg1 e2 32. Na3 Ke4 33. Rc1 a6 34.
Nb1 Kd3 35. Nd2 g4 36. c4 Bg5 0-1

[Event "Kieler Open 2014-A"]
[Site "Kiel"]
[Date "2014.08.03"]
[Round "4.40"]
[White "Scepanik, Hans-Jürgen"]
[Black "Röhl, Manfred"]
[Result "0-1"]
[WhiteElo "1958"]
[BlackElo "1823"]
[PlyCount "96"]
[EventDate "2014.??.??"]
[WhiteTeam "Kieler SG"]
[BlackTeam "Bremen-Nord"]

1. d4 d5 2. Nf3 e6 3. Nbd2 f5 4. Ne5 Nf6 5. e3 Bd6 6. Ndf3 Nbd7 7. Nd3 O-O 8.
b3 b6 9. Be2 Ne4 10. Bb2 a5 11. a4 Ba6 12. c3 Rc8 13. O-O c5 14. Nf4 Bxe2 15.
Nxe2 c4 16. Ne1 Rf6 17. f3 Ng5 18. bxc4 Rxc4 19. Nd3 Rh6 20. Ndf4 Nf7 21. g3 g5
22. Ng2 Rg6 23. Kf2 Nf6 24. h3 Bb8 25. Rh1 Qc7 26. Qg1 Nh5 27. Ne1 Qd7 28. Nd3
Rxa4 29. Qd1 Rxa1 30. Bxa1 Nf6 31. Qb3 Bc7 32. Rb1 Ne8 33. Bb2 Ned6 34. Bc1 Nc4
35. Ra1 e5 36. Nb2 b5 37. Nd3 e4 38. Nc5 Qe8 39. fxe4 fxe4 40. Kg2 Nfd6 41. Qd1
Nf5 42. Qg1 Rf6 43. Ra2 Qh5 44. g4 Nh4+ 45. Kh1 Qf7 46. Ng3 Bxg3 47. Qxg3 Rf1+
48. Kh2 Nf3+ 0-1

[Event "Kieler Open 2014-A"]
[Site "Kiel"]
[Date "2014.08.03"]
[Round "4.41"]
[White "Helmich, Jörg"]
[Black "Wenske, Hardy"]
[Result "1/2-1/2"]
[WhiteElo "1749"]
[BlackElo "1819"]
[PlyCount "62"]
[EventDate "2014.??.??"]
[WhiteTeam "Regensburg"]
[BlackTeam "Kieler SG"]

1. d4 d5 2. c4 c6 3. Nf3 Nf6 4. e3 a6 5. b3 Bg4 6. h3 Bxf3 7. Qxf3 e6 8. Nd2
Bb4 9. a3 Bc3 10. Ra2 Ne4 11. Bd3 Nxd2 12. Bxd2 Bxd2+ 13. Kxd2 Nd7 14. cxd5
exd5 15. Rc1 O-O 16. b4 Nf6 17. Ke1 Re8 18. Kf1 Qd6 19. Rac2 Re7 20. Kg1 Rae8
21. Rc5 Nd7 22. R5c2 g6 23. g4 Nf6 24. Kg2 Kg7 25. Qg3 Qxg3+ 26. Kxg3 h5 27. g5
Ne4+ 28. Bxe4 Rxe4 29. Rg1 R4e6 30. h4 Re4 31. Kh3 R4e6 1/2-1/2

[Event "Kieler Open 2014-A"]
[Site "Kiel"]
[Date "2014.08.04"]
[Round "5.1"]
[White "Malakhatko, Vadim"]
[Black "Simantsev, Mikhail"]
[Result "1/2-1/2"]
[WhiteElo "2560"]
[BlackElo "2448"]
[PlyCount "43"]
[EventDate "2014.??.??"]

1. d4 Nf6 2. c4 e6 3. Nf3 b6 4. Nc3 Bb4 5. Bg5 h6 6. Bh4 g5 7. Bg3 Ne4 8. Qc2
Bb7 9. Nd2 Bxc3 10. bxc3 Nxg3 11. hxg3 d6 {(=)} 12. a4 a5 13. c5 bxc5 14. dxc5
Nd7 15. cxd6 cxd6 16. e4 Nf6 17. Rb1 Qc7 18. Bd3 Ke7 19. Qb2 Rab8 20. Qa3 Nd7
21. Bb5 Qc5 22. Qxc5 1/2-1/2

[Event "Kieler Open 2014-A"]
[Site "Kiel"]
[Date "2014.08.04"]
[Round "5.2"]
[White "Hofer, Emilian"]
[Black "Stopa, Jacek"]
[Result "0-1"]
[WhiteElo "2197"]
[BlackElo "2498"]
[PlyCount "90"]
[EventDate "2014.??.??"]
[WhiteTeam "Jedesheim"]

1. e4 c6 2. d4 d5 3. Nc3 dxe4 4. Nxe4 Nf6 5. Nxf6+ gxf6 6. c3 Qd5 7. Nf3 Bf5 8.
Qb3 Qxb3 9. axb3 Nd7 10. Be3 a6 11. b4 Rd8 12. Be2 Nb6 13. O-O Nd5 14. Rfe1 e6
15. Bf1 Kd7 16. g3 Kc8 17. Bg2 Be4 18. Bd2 Bd3 19. Rec1 Rg8 20. Ne1 Bg6 21. Ra4
e5 22. Be3 Nxe3 23. fxe3 Bh6 24. Kf2 Rge8 25. Rd1 Re7 26. Bf3 f5 27. Ra5 exd4
28. exd4 Be3+ 29. Kf1 f4 30. g4 Rde8 31. Raa1 f6 32. Bg2 h5 33. h3 hxg4 34.
hxg4 Bf7 35. d5 cxd5 36. Bxd5 Bxd5 37. Rxd5 Rg7 38. b5 Rxg4 39. bxa6 Rg1+ 40.
Ke2 bxa6 41. Rad1 Rg3 42. Rf5 Re6 43. Kf1 Bb6 44. Rd4 Bxd4 45. cxd4 Rb3 0-1

[Event "Kieler Open 2014-A"]
[Site "Kiel"]
[Date "2014.08.04"]
[Round "5.3"]
[White "Rulofs, Henrik"]
[Black "Kang, Chuanqi"]
[Result "0-1"]
[WhiteElo "1776"]
[BlackElo "2302"]
[PlyCount "88"]
[EventDate "2014.??.??"]
[WhiteTeam "Turm Kiel"]

1. e4 c5 2. Nf3 d6 3. d3 Nc6 4. g3 g6 5. Bg2 Bg7 6. O-O e6 7. c3 Nge7 8. Re1
O-O 9. Nbd2 Rb8 10. Nf1 b5 11. Bg5 b4 12. Qd2 bxc3 13. bxc3 Qa5 14. Rac1 Qa3
15. Rc2 e5 16. Ne3 Be6 17. Nd1 f6 18. Be3 d5 19. exd5 Nxd5 20. Bh6 Rfd8 21.
Bxg7 Kxg7 22. d4 Nde7 23. h4 Rb1 24. h5 cxd4 25. cxd4 Nxd4 26. Nxd4 Rxd4 27.
Qe2 Bg4 28. f3 Bf5 29. Rc7 Qd6 30. Rxe7+ Qxe7 31. h6+ Kf7 32. Kh2 Qb4 33. f4
Qd2 34. Qa6 Qxe1 35. Qxa7+ Rd7 36. Bd5+ Ke8 37. Qa8+ Ke7 38. Qg8 Rxd5 39. Qg7+
Ke8 40. Qg8+ Ke7 41. Qg7+ Kd8 42. Qxf6+ Kc7 43. Qf7+ Bd7 44. Qxd5 Qe2+ 0-1

[Event "Kieler Open 2014-A"]
[Site "Kiel"]
[Date "2014.08.04"]
[Round "5.4"]
[White "Turner, Matthew J"]
[Black "Voelzke, Ferdinand"]
[Result "1-0"]
[WhiteElo "2483"]
[BlackElo "2170"]
[PlyCount "67"]
[EventDate "2014.??.??"]
[BlackTeam "Turm Kiel"]

1. d4 Nf6 2. Nf3 d6 3. g3 g6 4. Bg2 Bg7 5. O-O O-O 6. c4 Nc6 7. Nc3 e5 8. dxe5
dxe5 9. Nd2 Nd4 10. b3 Re8 11. Bb2 Rb8 12. e3 Ne6 13. Nd5 Nc5 14. Ba3 Bf8 15.
b4 Ne6 16. Qb3 c6 17. Nxf6+ Qxf6 18. Ne4 Qg7 19. Rad1 Rd8 20. c5 Be7 21. Nd6
Bd7 22. Bb2 Nc7 23. f4 Be6 24. Qc2 f6 25. fxe5 fxe5 26. Qe4 Bd5 27. Qxe5 Qxe5
28. Bxe5 Bxg2 29. Kxg2 Nd5 30. Rf3 h5 31. e4 Nxb4 32. Rf7 Rxd6 33. Rg7+ Kf8 34.
cxd6 1-0

[Event "Kieler Open 2014-A"]
[Site "Kiel"]
[Date "2014.08.04"]
[Round "5.5"]
[White "Franz, Karsten"]
[Black "Lanka, Zigurds"]
[Result "0-1"]
[WhiteElo "2191"]
[BlackElo "2451"]
[PlyCount "62"]
[EventDate "2014.??.??"]
[WhiteTeam "Dresden-Leuben"]
[BlackTeam "Schott Mainz"]

1. e4 c5 2. Nf3 a6 3. d3 g6 4. g3 Bg7 5. Bg2 Nc6 6. O-O d6 7. c3 e5 8. Be3 Nge7
9. Nbd2 O-O 10. Ne1 h6 11. f4 exf4 12. gxf4 f5 13. Nc2 Kh7 14. Qe1 Be6 15. Qh4
Bf6 16. Qf2 Qd7 17. Nf3 b6 18. Kh1 Rad8 19. Rfe1 fxe4 20. dxe4 d5 21. Rad1 Qc8
22. e5 Bg7 23. Bc1 Bg4 24. Qg3 d4 25. cxd4 cxd4 26. f5 Qxf5 27. Ncxd4 Qh5 28.
Nxc6 Rxd1 29. Rxd1 Rxf3 30. Qe1 Nxc6 31. Rd2 Nxe5 0-1

[Event "Kieler Open 2014-A"]
[Site "Kiel"]
[Date "2014.08.04"]
[Round "5.6"]
[White "Wichmann, Cliff"]
[Black "Buchholz, Sebastian"]
[Result "1/2-1/2"]
[WhiteElo "2361"]
[BlackElo "2120"]
[PlyCount "81"]
[EventDate "2014.??.??"]
[WhiteTeam "Nickelhütte Aue"]
[BlackTeam "Doppelbauer Kiel"]

1. d4 Nf6 2. c4 c5 3. d5 b5 4. Nf3 Bb7 5. a4 bxc4 6. Nc3 e6 7. e4 exd5 8. exd5
Bd6 9. Bxc4 O-O 10. O-O Re8 11. Bg5 Na6 12. Qd2 h6 13. Bh4 Nc7 14. Rae1 Rxe1
15. Rxe1 Nce8 16. Nb5 Bf8 17. Ne5 d6 18. Ng4 a6 19. Nc3 Bc8 20. Ne3 Rb8 21. h3
Ne4 22. Nxe4 Qxh4 23. Nd1 f5 24. g3 Qxh3 25. Nxc5 Nf6 26. Bf1 Qg4 {(=)} 27.
Nxa6 Ra8 28. Nc7 Rxa4 29. Ne3 Qb4 30. Qxb4 Rxb4 31. Ne6 Bb7 32. Nxf5 Bxd5 33.
Nxf8 Kxf8 34. Nxd6 Rxb2 35. Rc1 Rb8 36. Bg2 Bxg2 37. Kxg2 Rd8 38. Nf5 Kf7 39.
Rc2 Kg6 40. Rc5 Rd2 41. Nh4+ 1/2-1/2

[Event "Kieler Open 2014-A"]
[Site "Kiel"]
[Date "2014.08.04"]
[Round "5.7"]
[White "Bente, Björn"]
[Black "Uksini, Bardhyl"]
[Result "1-0"]
[WhiteElo "2285"]
[BlackElo "2063"]
[PlyCount "81"]
[EventDate "2014.??.??"]
[WhiteTeam "Hamburg"]
[BlackTeam "Hamburg"]

1. d4 d5 2. c4 c6 3. Nc3 Nf6 4. e3 g6 5. Nf3 Bg7 6. Bd3 O-O 7. O-O Nbd7 8. Bd2
a6 9. cxd5 cxd5 10. Qb3 e6 11. Rfc1 b6 12. Na4 Bb7 13. Bb4 Re8 14. Bd6 b5 15.
Nc5 Nxc5 16. Bxc5 Ne4 17. a4 Nxc5 18. dxc5 Bc6 19. axb5 axb5 20. Nd4 Bxd4 21.
exd4 Qd7 22. Qc3 Ra7 $11 23. b4 Rea8 24. Ra5 Rxa5 25. bxa5 Qb7 26. Qb4 Qa6 27.
Ra1 Qb7 28. h4 Qa6 29. h5 Qb7 30. Qe1 Qc8 31. Qe5 Qb8 32. Qe3 Qc8 33. g3 Qc7
34. a6 Qc8 35. hxg6 hxg6 36. Kg2 Kf8 37. Rh1 Ke7 38. Qg5+ Kd7 39. Rh7 Qg8 40.
Bxg6 Rf8 41. Qf6 1-0

[Event "Kieler Open 2014-A"]
[Site "Kiel"]
[Date "2014.08.04"]
[Round "5.8"]
[White "Petri, Alexander"]
[Black "Van Voorthuijsen, Peewee"]
[Result "1/2-1/2"]
[WhiteElo "2164"]
[BlackElo "2206"]
[PlyCount "32"]
[EventDate "2014.??.??"]
[WhiteTeam "Doppelbauer Kiel"]
[BlackTeam "Amsterdam"]

1. d4 Nf6 2. Nf3 e6 3. c4 c5 4. d5 d6 5. Nc3 exd5 6. cxd5 g6 7. h3 a6 8. a4 Bg7
9. e4 O-O 10. Bd3 Nbd7 11. O-O Nh5 12. Be3 Qe7 13. Bg5 Bf6 14. Be3 Bg7 15. Bg5
Bf6 16. Be3 Bg7 1/2-1/2

[Event "Kieler Open 2014-A"]
[Site "Kiel"]
[Date "2014.08.04"]
[Round "5.9"]
[White "Rozycki, Bartlomiej"]
[Black "Koop, Thorben"]
[Result "0-1"]
[WhiteElo "2128"]
[BlackElo "2194"]
[PlyCount "84"]
[EventDate "2014.??.??"]
[WhiteTeam "KS Laura Chylice"]
[BlackTeam "Lingen"]

1. d4 Nf6 2. c4 d6 3. Nc3 e5 4. d5 Be7 5. e4 O-O 6. Bd3 c6 7. Nge2 a6 8. O-O
cxd5 9. cxd5 b5 10. b4 Nbd7 11. f3 Qb6+ 12. Kh1 Qb7 13. Be3 Nb6 14. Bf2 Bd7 15.
Qb3 Rfc8 16. Rfc1 Nh5 17. Be3 Nc4 18. Bxc4 bxc4 19. Qb2 Bd8 20. Rab1 f5 21. a4
Nf6 22. b5 axb5 23. Nxb5 Bxb5 24. Qxb5 Qxb5 25. axb5 fxe4 26. b6 exf3 27. b7
fxe2 28. Rb2 Rab8 29. bxc8=Q Rxc8 30. Rxe2 Nxd5 31. Bd2 Bb6 32. g3 Bd4 33. Kg2
Kf7 34. Rb1 c3 35. Bc1 Ke6 36. Kf3 Rc4 37. Rb7 c2 38. Rxg7 Nc3 39. Rxh7 e4+ 40.
Rxe4+ Nxe4 41. Kxe4 Bb2+ 42. Kd3 Bxc1 0-1

[Event "Kieler Open 2014-A"]
[Site "Kiel"]
[Date "2014.08.04"]
[Round "5.10"]
[White "Chetverik, Maxim"]
[Black "Beeck, Mats"]
[Result "1/2-1/2"]
[WhiteElo "2254"]
[BlackElo "1897"]
[PlyCount "68"]
[EventDate "2014.??.??"]
[BlackTeam "Doppelbauer Kiel"]

1. d4 Nf6 2. c4 g6 3. Nf3 Bg7 4. g3 c6 5. Nc3 d5 6. Qa4 O-O 7. Bg2 dxc4 8. Qxc4
Bf5 9. O-O Nbd7 10. Qb3 Qb6 11. Qxb6 axb6 12. Nh4 Be6 13. e4 Bc4 14. Rd1 b5 15.
e5 Nd5 16. Bxd5 cxd5 17. b4 Rfc8 18. Bb2 e6 19. Rd2 Nb6 20. Ng2 Bf8 21. a3 Na4
22. Nxa4 bxa4 23. Ne3 Bb3 24. f4 h5 25. Kf2 Bh6 26. Kf3 Kf8 27. h3 Ke7 28. g4
hxg4+ 29. hxg4 Rh8 30. Kg3 Kd7 31. Rc1 Rac8 32. Rxc8 Kxc8 33. Rf2 Kd7 34. Rf1
Bf8 {Rest nicht lesbar. Remis im 46.} 1/2-1/2

[Event "Kieler Open 2014-A"]
[Site "Kiel"]
[Date "2014.08.04"]
[Round "5.11"]
[White "Hilbig, Dieter"]
[Black "Voloshin, Leonid"]
[Result "0-1"]
[WhiteElo "2020"]
[BlackElo "2403"]
[PlyCount "82"]
[EventDate "2014.??.??"]
[WhiteTeam "Gera"]

1. e4 c5 2. Nc3 Nc6 3. f4 g6 4. Nf3 Bg7 5. Bb5 Nd4 6. O-O Nxb5 7. Nxb5 d5 8.
exd5 a6 9. Nc3 Nf6 10. d4 Nxd5 11. Nxd5 Qxd5 12. dxc5 Qxc5+ 13. Kh1 Bf5 14. c3
Rd8 15. Qe1 O-O 16. Be3 Qc7 17. Qf2 Rd5 18. Rad1 Qd6 19. Rd2 Rxd2 20. Qxd2 Qxd2
21. Bxd2 Rd8 22. Be3 Bg4 23. Nd4 f6 24. f5 Bxf5 25. Nxf5 gxf5 26. Rxf5 Rd1+ 27.
Bg1 Bh6 28. Rf3 e5 29. g4 e4 30. Rh3 e3 31. Kg2 e2 32. Bf2 Bg5 33. b4 e1=Q 34.
Bxe1 Rxe1 35. Rd3 Re2+ 36. Kf3 Rd2 37. Ke4 Rxd3 38. Kxd3 Kf7 39. Kc4 Ke6 40. b5
axb5+ 41. Kxb5 Be3 0-1

[Event "Kieler Open 2014-A"]
[Site "Kiel"]
[Date "2014.08.04"]
[Round "5.12"]
[White "Kardoeus, David"]
[Black "Neumann, Joachim"]
[Result "1-0"]
[WhiteElo "2003"]
[BlackElo "2179"]
[PlyCount "91"]
[EventDate "2014.??.??"]
[WhiteTeam "Werder Bremen"]
[BlackTeam "Kieler SG"]

1. e4 c5 2. Nf3 Nc6 3. d4 cxd4 4. Nxd4 Nf6 5. Nc3 e5 6. Ndb5 d6 7. Bg5 a6 8.
Na3 b5 9. Nd5 Be7 10. Nxe7 Nxe7 11. Bd3 Bg4 12. f3 Be6 13. c4 bxc4 14. Nxc4 O-O
15. O-O d5 16. exd5 Nfxd5 17. Qe2 f6 18. Bd2 Bf5 19. Be4 Bxe4 {(=)} 20. fxe4
Nb6 21. Be3 Nxc4 22. Qxc4+ Kh8 23. Rfd1 Qc8 24. Rac1 Qxc4 25. Rxc4 Rfc8 26.
Rdc1 h5 27. b4 Rxc4 28. Rxc4 Rd8 29. Rc7 Rd3 30. Kf2 Ng6 31. a4 Ra3 32. b5 axb5
33. axb5 Rb3 34. b6 Nf4 35. b7 Rb2+ 36. Kf3 Kh7 37. Bxf4 exf4 38. Kxf4 Kg6 39.
Ke3 h4 40. g3 hxg3 41. hxg3 Kh6 42. Kd4 g6 43. Kd5 Kg5 44. Rc5 Rb6 45. Kc4+ Kg4
46. Rb5 1-0

[Event "Kieler Open 2014-A"]
[Site "Kiel"]
[Date "2014.08.04"]
[Round "5.13"]
[White "Nonnenmacher, Thomas"]
[Black "Meyers, Mark"]
[Result "0-1"]
[WhiteElo "2174"]
[BlackElo "2007"]
[PlyCount "106"]
[EventDate "2014.??.??"]
[WhiteTeam "Pinneberg"]
[BlackTeam "Heinsberg"]

1. c4 c5 2. g3 g6 3. Bg2 Bg7 4. e3 Nf6 5. Nc3 O-O 6. Nge2 d6 7. O-O Nbd7 8. d4
Rb8 9. Rb1 a6 10. a4 cxd4 11. exd4 e5 12. h3 Re8 13. Be3 b6 14. b3 Bb7 15. d5
Nh5 16. Ne4 Nc5 17. g4 Nxe4 18. Bxe4 Nf4 19. Bxf4 exf4 20. Bf3 Qf6 21. Qd2 g5
22. Rbd1 b5 23. axb5 axb5 24. Nd4 bxc4 25. bxc4 Ba6 26. Nb5 Bxb5 27. cxb5 Rxb5
28. Rb1 Reb8 29. Rxb5 Rxb5 30. Qd3 Rc5 31. Be4 Rc3 32. Bxh7+ Kh8 33. Qe4 Rxh3
34. Bf5 Qh6 35. Rb1 f3 36. Rb8+ Bf8 37. Rxf8+ Qxf8 38. Qc4 Qe7 39. Qc3+ Qe5 40.
Qxe5+ dxe5 41. d6 Kg7 42. d7 Rh8 43. Be4 Rd8 44. Bc6 Kf6 45. Kh2 Ke7 46. Kg3
Kd6 47. Ba4 e4 48. Bc2 Ke5 49. Ba4 f5 50. gxf5 Kxf5 51. Bb5 g4 52. Ba6 Rh8 53.
Bf1 Kg5 0-1